000 00627nam a2200229 a 4500
005 20210219153206.0
008 991125n 000 0 u
035 _aUPN01000083362
100 _aRobison, Anne Q.
222 _aEXCEPTIONAL PARENT
245 _aIntegration don't take it for granted
300 _a22, 71-74
362 _a21, No. 6, 1991
505 _aMayo 1992
653 0 _aCOLOCACION DE ESTUDIANTES
653 0 _aCORRIENTE PRINCIPAL (FILOSOFIA)
653 0 _aINCAPACITADOS FISICOS
653 0 _aRELACION PADRES-ESCUELA
700 _aRobison, Gregory
904 _aAC
_b021173
905 _aArticulo
999 _c70652
_d70652